| 000 | 00739nam a22002297a 4500 | ||
|---|---|---|---|
| 005 | 20250903144855.0 | ||
| 008 | 250903b |||||||| |||| 00| 0 eng d | ||
| 020 | _a978-81-87236-74-4 (pbk) | ||
| 037 | _cTB | ||
| 040 |
_aCRL _cCRL |
||
| 041 |
_2SIN _aSIN |
||
| 084 |
_aO1593,1N43:g Q8 _bCRL |
||
| 100 |
_aKundnani, Sandhya Chander _9818261 |
||
| 245 | _aBansi Khubchandani sureelo Sindhi sahityakar | ||
| 260 |
_aDelhi, India: _bGanpati prakashan, _c2018. |
||
| 300 | _a96+95p. | ||
| 365 |
_b450.00 _cINR |
||
| 650 | _aSindhi Literature | ||
| 650 |
_aSindhi Poetry _9577661 |
||
| 942 |
_2CC _cTB _hO1593,1N43:g Q8 _n0 |
||
| 999 |
_c1435129 _d1435129 |
||